Представление документа в формате RUSMARC

ПолеНазваниеЗначение
  Тип записи a
  Библиографический уровень m
001 Контрольный номер RU/SLIB/B/208743573
005 Дата корректировки 20231204161214.5
010 Индекс ISBN __
d Цена 4-80
100 Данные общей обработки __
a Данные общей обработки 20221201d1983 m y0rusy028902 ca
101 Язык документа 0_
a Язык текста rus
c Язык оригинала rus
102 Страна публикации __
a Страна публикации RU
105 Кодированные данные (монография) __
a Кодированные данные (монография) y z 000ay
181 Поле кодированных данных: вид содержания _0
a Код вида содержания (ISBD) i
182 Поле кодированных данных: тип средства _0
a Код типа средства (ISBD) n
200 Заглавие и сведения об ответственности 1_
a Заглавие Обрыв
e Сведения, относящиеся к заглавию роман : в 5 ч.
f Первые сведения об ответственности И. А. Гончаров ; ил. Ю. Игнатьева
b Общее обозначение материала Текст
210 Выходные данные 1_
a Место издания М.
c Издательство Худож. лит.
d Дата издания 1983
215 Физическое описание __
a Объем 448 с.
c Иллюстрации/тип воспроизводства ил.
606 Тематические рубрики __
a Основная рубрика Художественная литература
2 Код системы nlr_sh
606 Тематические рубрики __
a Основная рубрика Русская литература XIX в. (произведения)
2 Код системы nlr_sh
610 Ключевые слова 0_
a Ключевые слова проза; романы
686 Индексы других классификаций __
a Классификационный индекс 84(2=411.2)52-4; ст84(2Рос=Рус)1-4
2 Код системы rubbks
700 Автор _1
a Фамилия Гончаров
b Имя И. А.
g Полное личное имя Иван Александрович
4 Код отношения 070
702 Вторичная интеллектуальная ответственность _1
a Фамилия Игнатьев
b Имя Ю.
4 Код отношения Художник
4 Код отношения 040
801 Источник записи _0
a Страна RU
b Организация Муниципальное бюджетное учреждение культуры "Централизованная библиотечная система" г. Сургут (Центральная городская библиотека им. А. С. Пушкина)
g Правила каталогизации КиК/Поспелова
801 Источник записи _1
a Страна RU
b Организация Муниципальное бюджетное учреждение культуры "Централизованная библиотечная система" г. Сургут (Центральная городская библиотека им. А. С. Пушкина)
g Правила каталогизации КиК/Поспелова
852 Данные о местонахождении __
j Шифр хранения 84(2=411.2)52-4
c Каталожный индекс 84(2Рос=Рус)1-4
i Авторский знак Г 65
p Инвентарный номер 15589
901 Тип документа __
t Тип документа m
903 Характеристики (МАРС) __
a Дата передачи 20030825
990 Данные о заказе (DOS) __
j Количество экземпляров (DOS) 3
t N записи в КСУ для И/У (DOS) 199101